| 000 | 00411cam a2200169ua 4500 | ||
|---|---|---|---|
| 020 | _c$ 36.50 | ||
| 041 |
_aeng _h |
||
| 082 |
_a629.8 _bHAW/CO |
||
| 100 | _aHawany, E . | ||
| 245 |
_aControl system engineering / _cE.Hawany. _hTextual Documents |
||
| 260 |
_a : _bReston Publishing Co.Inc. , _c1984. |
||
| 300 | _a593 ; . | ||
| 365 | _a$ 36.50 | ||
| 504 | _a | ||
| 942 | _cBK | ||
| 999 |
_c3033 _d3033 |
||